Unlock : reading, writing & critical thinking. [Level] 2, Student's book. / (Record no. 779)

MARC details
000 -LEADER
fixed length control field 00929nam a22002777a 4500
005 - DATE AND TIME OF LATEST TRANSACTION
control field 20250420134824.0
008 - FIXED-LENGTH DATA ELEMENTS--GENERAL INFORMATION
fixed length control field 211118b ||||| |||| 00| 0 eng d
020 ## - INTERNATIONAL STANDARD BOOK NUMBER
International Standard Book Number 9781108690270
040 ## - CATALOGING SOURCE
Transcribing agency KCST
082 ## - DEWEY DECIMAL CLASSIFICATION NUMBER
Classification number 428.24
Item number On Un
100 ## - MAIN ENTRY--PERSONAL NAME
Personal name O'Neill, Richard
9 (RLIN) 5597
245 ## - TITLE STATEMENT
Title Unlock : reading, writing & critical thinking. [Level] 2, Student's book. /
Statement of responsibility, etc. Richard O'Neill; Michele Lewis; Chris Sowton; Jennifer Farmer; Carolyn Flores
250 ## - EDITION STATEMENT
Edition statement 2
260 ## - PUBLICATION, DISTRIBUTION, ETC.
Place of publication, distribution, etc. Cambridge :
Name of publisher, distributor, etc. Cambridge University Press,
Date of publication, distribution, etc. 2019.
300 ## - PHYSICAL DESCRIPTION
Extent 207 p.
521 ## - TARGET AUDIENCE NOTE
Target audience note A2 English Profile.
650 ## - SUBJECT ADDED ENTRY--TOPICAL TERM
Topical term or geographic name entry element English language
Form subdivision Textbooks for foreign speakers.
9 (RLIN) 4734
650 ## - SUBJECT ADDED ENTRY--TOPICAL TERM
Topical term or geographic name entry element English language
Form subdivision Problems, exercises, etc.
9 (RLIN) 4926
650 ## - SUBJECT ADDED ENTRY--TOPICAL TERM
Topical term or geographic name entry element Reading.
9 (RLIN) 5142
700 ## - ADDED ENTRY--PERSONAL NAME
Personal name Lewis, Michele
9 (RLIN) 5425
700 ## - ADDED ENTRY--PERSONAL NAME
Personal name Sowton, Chris
9 (RLIN) 5143
700 ## - ADDED ENTRY--PERSONAL NAME
Personal name Farmer, Jennifer
9 (RLIN) 5598
700 ## - ADDED ENTRY--PERSONAL NAME
Personal name Flores, Carolyn
9 (RLIN) 5599
942 ## - ADDED ENTRY ELEMENTS (KOHA)
Koha item type Book
942 ## - ADDED ENTRY ELEMENTS (KOHA)
Source of classification or shelving scheme Dewey Decimal Classification
Holdings
Withdrawn status Lost status Source of classification or shelving scheme Damaged status Not for loan Home library Current library Date acquired Source of acquisition Cost, normal purchase price Total checkouts Full call number Barcode Date last seen Cost, replacement price Price effective from Koha item type Date last checked out
    Dewey Decimal Classification     KCST Library KCST Library 18/11/2021 Procured 11.50   428.24 On Un 1000000973 18/11/2021 11.50 18/11/2021 Course Textbook  
    Dewey Decimal Classification     KCST Library KCST Library 18/11/2021 Free copy from publisher - That AlSalasil 0.00   428.24 On Un 1000001077 06/02/2023   06/02/2023 Course Textbook  
    Dewey Decimal Classification     KCST Library KCST Library 18/11/2021 Free copy from publisher - That AlSalasil 0.00 1 428.24 On Un 1000001078 18/06/2023   06/02/2023 Course Textbook 20/02/2023
© 2025 KCST. All rights reserved